| 000 | 01276nam a2200301 a 4500 | ||
|---|---|---|---|
| 001 | BRCA_3280 | ||
| 005 | 20190320204212.0 | ||
| 008 | 130309s1853----enka---###---#000-0#eng-# | ||
| 041 | _aeng | ||
| 044 | _aenk | ||
| 084 |
_a582 _b.L56 _c1853 |
||
| 100 | 1 |
_aCervantes Saavedra, Miguel de _d1547-1616 _9213 |
|
| 245 | 1 | 0 |
_aThe History and Adventures of the Renowned Don Quixote _cTranslated from the Spanish of Miguel de Cervantes Saavedra by Dr. Smollett. |
| 260 |
_aLondres _bLingburn _c1853 |
||
| 300 |
_a2 v. _bil. _c13 cm. |
||
| 500 | _aContenido : v.1. Primera parte. Introducción del traductor. Prólogos a la primera y segunda partes. 1853. -- v.2. Segunda parte. 1858 | ||
| 500 | _aReproducción de la traducción de Smollett. Edición económica. Tela; lomos adornados con dorados Lúdovik Osterc | ||
| 500 | _aQM870 | ||
| 546 | _aTexto en : inglés | ||
| 650 | 1 | 4 |
_aNovela española _yÉpoca clásica, 1500-1700 _9215 |
| 650 | 1 | 4 |
_aLiteratura española _yÉpoca clásica, 1500-1700 _9216 |
| 650 | 1 | 4 |
_aNovela española _ySiglo XVII _9217 |
| 650 | 1 | 4 |
_aDon Quijote (Personaje ficticio) _eNovela _9218 |
| 700 | 1 |
_aSmollett, Tobias George _d1721-1771 _eTraductor _98696 |
|
| 740 | 0 | _aEl Ingenioso Hidalgo Don Quijote de la Mancha | |
| 902 | _aQFM | ||
| 942 |
_2lcc _cB |
||
| 999 |
_c3016 _d3016 |
||